| 000 | 00496nam a22002057a 4500 | ||
|---|---|---|---|
| 003 | mut | ||
| 005 | 20240606081241.0 | ||
| 008 | 171009b xxu||||| |||| 00| 0 eng d | ||
| 020 | _a0176039473 | ||
| 040 | _cmut | ||
| 050 |
_aPE 1121 _b.T87 1993 |
||
| 100 | _aBarry, James | ||
| 245 | _aTurning points | ||
| 260 |
_aOntario _bNelson _c1993 |
||
| 650 |
_aReaders _y1950 |
||
| 650 |
_aReaders _x(Secondary) |
||
| 700 | _aMcClymont, Christine | ||
| 700 | _aHuser, Glen | ||
| 942 |
_2lcc _cBK |
||
| 999 |
_c13064 _d13064 |
||